000 00473nam a2200181Ia 4500
001 23722
005 20260414150956.0
008 260414t2022||||xx |||||||||||||| ||spa||
041 _aESP
082 _a693.893
_bM96
100 _aMuñoz Hidalgo, Manuel,
_eAUT
245 0 _aInfluencias, daños y tratamientos de las humedades en la edificación
_b
260 _c2022
300 _a326 páginas :
_c24 cm.
650 _a0
654 _aCIC
942 _cLIB
_dJUS
_fJUS
_2ddc
_n
999 _c23722
_d23722